[Event "Elit(LASK-Limhamn)"]
[Site "?"]
[Date "2024.01.19"]
[Round "4"]
[White "Hector, Jonny"]
[Black "Thybo, Jesper Sondergaard"]
[Result "0-1"]
[WhiteElo "2446"]
[BlackElo "2533"]
[PlyCount "110"]
[SourceVersionDate "2024.01.27"]

1. e4 c5 2. Nf3 Nc6 3. Bb5 g6 4. O-O Bg7 5. c3 Nf6 6. Re1 O-O 7. h3 e5 8. d4
cxd4 9. cxd4 Nxd4 10. Nxd4 Qb6 11. Nf3 Qxb5 12. Nc3 Qc5 13. Bg5 d6 14. Rc1 Qb6
15. Bxf6 Bxf6 16. Nd5 Qd8 17. Rc7 Kg7 18. Qd2 Be6 19. Rxb7 Bxd5 20. Qxd5 Rb8
21. Rc1 Rxb7 22. Qxb7 Qb8 23. Rc7 Qxb7 24. Rxb7 Rc8 25. Rxa7 Rc2 26. Rb7 d5 27.
exd5 Rc1+ 28. Kh2 e4 29. Ng1 Be5+ 30. Kh1 Bd4 31. Kh2 Re1 32. h4 Bxf2 33. Nh3
Bxh4 34. Nf4 Re3 35. Ne6+ Kf6 36. g4 fxe6 37. dxe6 Kxe6 38. a4 Re2+ 39. Kh3 Be7
40. g5 Bxg5 41. a5 h5 42. Rb6+ Kf7 43. Rb7+ Kf6 44. Rb6+ Kg7 45. Kg3 Bf6 46.
Kf4 Bxb2 47. a6 Bc1+ 48. Ke5 Ra2 49. Kxe4 h4 50. Rb7+ Kh6 51. a7 Bg5 52. Rd7
Kh5 53. Kf3 Ra3+ 54. Kg2 h3+ 55. Kh1 Bf4 0-1

[Event "Elit(Rockaden, Sthlm-Kungstornet)"]
[Site "?"]
[Date "2024.01.19"]
[Round "4"]
[White "Sorensen, Hampus"]
[Black "Aronsson, Marten"]
[Result "1-0"]
[WhiteElo "2458"]
[BlackElo "2286"]
[PlyCount "153"]
[SourceVersionDate "2024.01.26"]

1. e4 e5 2. Nf3 Nc6 3. Bc4 Nf6 4. d3 h6 5. O-O g6 6. a4 a5 7. c3 d6 8. Re1 Bg7
9. h3 O-O 10. Nbd2 Kh7 11. Nf1 Ng8 12. d4 exd4 13. cxd4 Nge7 14. d5 Ne5 15.
Nxe5 Bxe5 16. Ra3 Bg7 17. h4 f5 18. g3 fxe4 19. Rxe4 Bf5 20. Re1 Qd7 21. g4
Bxg4 22. Rxe7 Qxe7 23. Qxg4 h5 24. Qg2 Bd4 25. Bg5 Qe5 26. Rf3 Rxf3 27. Qxf3
Kg8 28. Qg2 Qf5 29. b3 Rf8 30. Ne3 Qb1+ 31. Qf1 Qxf1+ 32. Kxf1 Bf6 33. Bxf6
Rxf6 34. Ng2 Kg7 35. Ke2 Rf5 36. f4 Rf8 37. Kf3 Kf6 38. Ne3 Re8 39. Bd3 Rf8 40.
Nc4 b6 41. Nd2 Re8 42. Ne4+ Kg7 43. Ng3 Kh6 44. f5 Rf8 45. Kf4 Rf7 46. Be2 Rf8
47. Bb5 gxf5 48. Be2 Re8 49. Nxf5+ Kh7 50. Bxh5 Re1 51. Bf3 Rf1 52. Nd4 Kh6 53.
Ke3 Rb1 54. Be2 Rh1 55. h5 Rh3+ 56. Bf3 Rh2 57. Ne6 Rc2 58. Bd1 Rc3+ 59. Kd2
Rg3 60. Nxc7 Rg2+ 61. Be2 Rg3 62. Bc4 Kxh5 63. Na8 Kg5 64. Nxb6 Kf5 65. Bd3+
Ke5 66. Kc3 Rg1 67. Nc4+ Kxd5 68. Nxa5 Rc1+ 69. Bc2 Kc5 70. b4+ Kb6 71. Nb3 Rg1
72. a5+ Kc6 73. Nd4+ Kd5 74. a6 Ra1 75. Bb3+ Ke4 76. b5 d5 77. Nc2 1-0

[Event "Elit(LASK-Limhamn)"]
[Site "?"]
[Date "2024.01.19"]
[Round "4"]
[White "Storme, Isak"]
[Black "Johansson, Linus"]
[Result "0-1"]
[WhiteElo "2443"]
[BlackElo "2428"]
[PlyCount "138"]
[SourceVersionDate "2024.01.27"]

1. d4 Nf6 2. c4 e6 3. Nf3 c5 4. d5 exd5 5. cxd5 d6 6. e4 g6 7. Bd3 Bg7 8. O-O
O-O 9. Nbd2 Nbd7 10. a4 Rb8 11. a5 Ng4 12. Be2 Qe7 13. h3 Nge5 14. Nxe5 Bxe5
15. f4 Bg7 16. Bf3 b5 17. axb6 Nxb6 18. Kh2 Re8 19. Re1 Qh4 20. Rxa7 Qxf4+ 21.
g3 Qe5 22. Bg2 Qd4 23. Rf1 Rb7 24. Rxb7 Bxb7 25. Qf3 Rf8 26. Qf4 Ba6 27. Nf3
Qf6 28. Qxf6 Bxf6 29. Rf2 Re8 30. Ng5 Nd7 31. Bf4 Bd3 32. h4 Bxg5 33. hxg5 Ne5
34. Kh3 Rb8 35. Rd2 Rb3 36. Rd1 Kg7 37. Bxe5+ dxe5 38. Rd2 c4 39. Bf3 h6 40.
gxh6+ Kxh6 41. Kg2 f5 42. exf5 gxf5 43. Kf2 Kg5 44. Bd1 Rb5 45. b3 Rxd5 46.
bxc4 Bxc4 47. Rxd5 Bxd5 48. Ke3 Bf7 49. g4 f4+ 50. Ke4 Be6 51. Kxe5 Bxg4 52.
Bb3 Bf3 53. Be6 Bb7 54. Bd7 f3 55. Kd4 Kf4 56. Bb5 Be4 57. Bf1 Bg6 58. Bc4 f2
59. Be2 Bh7 60. Bc4 Bb1 61. Bf1 Kf3 62. Bh3 Bf5 63. Bf1 Bd7 64. Bd3 Kg2 65. Ke3
Kg1 66. Kf3 Bh3 67. Kg3 Bf1 68. Bf5 Bb5 69. Bh3 Bc6 0-1

[Event "Elit(Rockaden, Sthlm-Kungstornet)"]
[Site "?"]
[Date "2024.01.19"]
[Round "4"]
[White "Henriksson, Johan"]
[Black "Seo, Jung Min"]
[Result "1/2-1/2"]
[WhiteElo "2283"]
[BlackElo "2481"]
[PlyCount "76"]
[SourceVersionDate "2024.01.26"]

1. d4 Nf6 2. c4 e6 3. g3 d5 4. Nf3 Bb4+ 5. Bd2 Be7 6. Bg2 Nbd7 7. Qc2 c6 8. O-O
Ne4 9. Bf4 g5 10. Bc1 h5 11. Nc3 f5 12. Ne5 Nxe5 13. dxe5 Qc7 14. Nxe4 dxe4 15.
b3 c5 16. f3 exf3 17. Bxf3 Bd7 18. e4 f4 19. gxf4 gxf4 20. Bxf4 O-O-O 21. Kh1
Rdf8 22. Qd2 Bc6 23. Rae1 b6 24. Bg5 Bxg5 25. Qxg5 Rhg8 26. Qxh5 Rh8 27. Qg5
Qh7 28. Qg2 Rf4 29. Qg3 Rh4 30. Re2 Kb8 31. Rg2 Rh3 32. Qf4 Rh4 33. Qg3 Qh6 34.
Kg1 Qe3+ 35. Qf2 Qc3 36. Qb2 Qe3+ 37. Qf2 Qh6 38. Qg3 Qe3+ 1/2-1/2

[Event "Elit(LASK-Limhamn)"]
[Site "?"]
[Date "2024.01.19"]
[Round "4"]
[White "Lindgren, Philip"]
[Black "Smith, Axel"]
[Result "1/2-1/2"]
[WhiteElo "2385"]
[BlackElo "2421"]
[PlyCount "102"]
[SourceVersionDate "2024.01.27"]

1. d4 Nf6 2. Nf3 c5 3. e3 d5 4. Bd3 c4 5. Be2 b5 6. Ne5 Bb7 7. c3 Nc6 8. f4 e6
9. O-O Be7 10. Bd2 O-O 11. Be1 Ne4 12. Nd2 Nxd2 13. Qxd2 f6 14. Nxc6 Bxc6 15.
Bg4 f5 16. Bf3 a5 17. g4 b4 18. Qg2 Qd7 19. Kh1 Rfb8 20. Rg1 Bf8 21. Bh4 Qf7
22. Qc2 bxc3 23. bxc3 Rb7 24. gxf5 Qxf5 25. Qg2 Re8 26. Rad1 Ba3 27. Rd2 Bf8
28. Bg4 Qe4 29. Qxe4 dxe4 30. Bf6 Bd5 31. Be5 a4 32. h4 a3 33. h5 Ree7 34. Kh2
Rb2 35. Rxb2 axb2 36. Rb1 Rb7 37. Bd1 g6 38. hxg6 hxg6 39. Kg2 Ba3 40. Bc2 Rh7
41. Rg1 Kf7 42. Bb1 Ke8 43. Rh1 Rxh1 44. Kxh1 Be7 45. Kg2 Bd8 46. Bd6 Ba5 47.
Ba3 Bxc3 48. Kf2 Kf7 49. Ke2 Bc6 50. Kd1 Ba4+ 51. Ke2 Bc6 1/2-1/2

[Event "Elit(Rockaden, Sthlm-Kungstornet)"]
[Site "?"]
[Date "2024.01.19"]
[Round "4"]
[White "Wiedenkeller, Michael"]
[Black "Andersson, Fredrik"]
[Result "1-0"]
[WhiteElo "2421"]
[BlackElo "2241"]
[PlyCount "81"]
[SourceVersionDate "2024.01.26"]

1. d4 Nf6 2. Bg5 d5 3. Bxf6 exf6 4. e3 Bd6 5. c4 dxc4 6. Bxc4 O-O 7. Nc3 f5 8.
Nf3 Nd7 9. O-O c6 10. Qc2 Nf6 11. Rfd1 Qe7 12. d5 b5 13. Bd3 b4 14. Ne2 cxd5
15. Bxf5 Bb7 16. Bh3 Rad8 17. Ned4 Bb8 18. Nc6 Bxc6 19. Qxc6 Rd6 20. Qb5 Rb6
21. Qd3 Rd8 22. Rac1 Ne4 23. Qxd5 Rbd6 24. Qb3 h6 25. Rxd6 Qxd6 26. g3 Qf6 27.
Rd1 Re8 28. Bg2 a5 29. Qc2 Ba7 30. Nd4 Ng5 31. Qa4 Rd8 32. Qxa5 Bxd4 33. exd4
Rxd4 34. Qa8+ Kh7 35. Rxd4 Qxd4 36. h4 Qd1+ 37. Kh2 Ne6 38. Qe4+ g6 39. Qxb4
Nd4 40. Qb7 Kg7 41. Bd5 1-0

[Event "Elit(LASK-Limhamn)"]
[Site "?"]
[Date "2024.01.19"]
[Round "4"]
[White "Mauritsson, Sebastian"]
[Black "Brynell, Stellan"]
[Result "1-0"]
[WhiteElo "2389"]
[BlackElo "2409"]
[PlyCount "141"]
[SourceVersionDate "2024.01.27"]

1. e4 e6 2. d4 d5 3. Nc3 Nf6 4. Bg5 Be7 5. e5 Nfd7 6. h4 h6 7. Qh5 a6 8. O-O-O
g6 9. Bxe7 Qxe7 10. Qe2 Nb6 11. Qe3 Bd7 12. Nf3 Bb5 13. Bd3 Bxd3 14. cxd3 N8d7
15. Kb1 O-O-O 16. Rc1 Kb8 17. Rc2 Rc8 18. Rhc1 f6 19. exf6 Qxf6 20. Ne2 c6 21.
Qf4+ Qxf4 22. Nxf4 Nf8 23. Re2 Re8 24. Rce1 Rh7 25. Nxe6 Rhe7 26. Nf4 Rxe2 27.
Rxe2 Rxe2 28. Nxe2 Nc8 29. Ne5 Ne7 30. Nf4 g5 31. hxg5 hxg5 32. Nh3 Ne6 33. g4
Ng8 34. Nf7 Nf6 35. f3 Nh7 36. Kc1 Kc7 37. Kd2 Kd7 38. Ke3 Ke7 39. Ne5 Kd6 40.
f4 gxf4+ 41. Nxf4 Neg5 42. Nf3 b6 43. Nxg5 Nxg5 44. Ne2 Ne6 45. Ng1 c5 46.
dxc5+ bxc5 47. Nf3 Ke7 48. d4 c4 49. Kd2 a5 50. Kc3 Nf4 51. b3 Ne2+ 52. Kd2
cxb3 53. axb3 Nf4 54. Kc3 Kf6 55. Kb2 Nd3+ 56. Ka3 Nc1 57. Ka4 Kg6 58. Ne5+ Kg5
59. Nc6 Kxg4 60. Nxa5 Kf5 61. b4 Ke6 62. Kb5 Kd6 63. Kb6 Ne2 64. Nc6 Nc3 65. b5
Kd7 66. Ne5+ Kd6 67. Ka6 Ne2 68. Nf3 Nc1 69. b6 Nd3 70. Ne5 Nb4+ 71. Ka7 1-0

[Event "Elit(Rockaden, Sthlm-Kungstornet)"]
[Site "?"]
[Date "2024.01.19"]
[Round "4"]
[White "Jonsson, Mikael"]
[Black "Barkhagen, Jonas"]
[Result "0-1"]
[WhiteElo "2189"]
[BlackElo "2419"]
[PlyCount "40"]
[SourceVersionDate "2024.01.26"]

1. e4 e6 2. d4 d5 3. Nc3 dxe4 4. Nxe4 Bd7 5. Nf3 Bc6 6. Ned2 Nf6 7. Bd3 Be7 8.
O-O O-O 9. Re1 b6 10. b3 Bb7 11. Bb2 c5 12. dxc5 Bxc5 13. Qe2 Nbd7 14. Rad1 Qe7
15. h3 Rfd8 16. c4 Nh5 17. Ne5 Nf4 18. Qg4 Nxe5 19. Bxe5 Bxf2+ 20. Kf1 f5 0-1

[Event "Elit(LASK-Limhamn)"]
[Site "?"]
[Date "2024.01.19"]
[Round "4"]
[White "Penalver, Osmani"]
[Black "Nord, Alexander"]
[Result "1-0"]
[WhiteElo "2311"]
[BlackElo "2209"]
[PlyCount "135"]
[SourceVersionDate "2024.01.27"]

1. d4 d5 2. c4 c6 3. Nf3 Nf6 4. Nc3 e6 5. cxd5 exd5 6. Qc2 g6 7. Bg5 Be7 8. e3
Bf5 9. Bd3 Bxd3 10. Qxd3 Nbd7 11. O-O O-O 12. Rab1 a5 13. a3 Re8 14. Rfc1 Ne4
15. Bf4 Bd6 16. Ne2 Qe7 17. b4 axb4 18. Bxd6 Nxd6 19. axb4 Ra6 20. Nf4 Rea8 21.
b5 Ra3 22. Qf1 Nc4 23. bxc6 bxc6 24. Rb7 Qe8 25. Kh1 R8a7 26. Rxa7 Rxa7 27. Nd3
Qb8 28. Rb1 Rb7 29. Rxb7 Qxb7 30. Qd1 Qb5 31. h4 h5 32. Ng5 Nf6 33. g3 Ng4 34.
Kg1 Nd6 35. Ne5 f6 36. Nxg4 hxg4 37. Ne6 f5 38. Qa1 Qb7 39. Nc5 Qc7 40. Qa8+
Kh7 41. Qf8 Ne4 42. Ne6 Qd7 43. Ng5+ Nxg5 44. hxg5 Qe6 45. Kh2 f4 46. gxf4 Qe4
47. Qf7+ Kh8 48. Qf6+ Kh7 49. Qf8 Qc2 50. Qe7+ Kg8 51. Kg3 Qb1 52. Qe6+ Kg7 53.
Kxg4 Qg1+ 54. Kf3 Qb1 55. Kg2 Kf8 56. Qf6+ Kg8 57. Qxc6 Qe4+ 58. Kg3 Kh8 59.
Qd7 Kg8 60. Qd8+ Kh7 61. Qc7+ Kg8 62. Qe5 Qh1 63. Qe6+ Kf8 64. Qf6+ Ke8 65.
Qxg6+ Ke7 66. Qf6+ Ke8 67. Qe6+ Kf8 68. Qh6+ 1-0

[Event "Elit(Rockaden, Sthlm-Kungstornet)"]
[Site "?"]
[Date "2024.01.19"]
[Round "4"]
[White "Kenneskog, Theodor"]
[Black "Larsson, Anders"]
[Result "1/2-1/2"]
[WhiteElo "2364"]
[BlackElo "2220"]
[PlyCount "103"]
[SourceVersionDate "2024.01.26"]

1. e4 e6 2. d4 d5 3. e5 Bd7 4. Nf3 a6 5. a4 c5 6. c3 Nc6 7. dxc5 Bxc5 8. Bd3
Nge7 9. O-O Ng6 10. Re1 Qb8 11. Qe2 Bb6 12. Bxg6 fxg6 13. Bf4 O-O 14. Bg3 Na5
15. Nbd2 Qe8 16. b4 Nc6 17. Nb3 Ne7 18. a5 Bb5 19. Qd2 Ba7 20. Nbd4 Nf5 21.
Nxf5 Rxf5 22. Bf4 Rc8 23. Be3 Bb8 24. Bc5 h6 25. Re3 Bc7 26. Qe1 Bd8 27. Nd4
Rf7 28. Qb1 Rfc7 29. Rf3 Rxc5 30. bxc5 Rxc5 31. Qb4 Rc4 32. Qd6 Bc7 33. Qxe6+
Qxe6 34. Nxe6 Bxe5 35. Nd4 Bxd4 36. cxd4 Rxd4 37. Rc1 Bc6 38. Re1 Re4 39. Rxe4
dxe4 40. Rf4 g5 41. Rf5 Bd7 42. Re5 Bc6 43. Rf5 Bd7 44. Rc5 Bc6 45. Kf1 Kf7 46.
Ke2 Kf6 47. Ke3 Kg6 48. Kd4 Kf6 49. Rc2 Kf5 50. Rc5+ Kf6 51. Rc2 Kf5 52. Rc5+
1/2-1/2

[Event "Elit(LASK-Limhamn)"]
[Site "?"]
[Date "2024.01.19"]
[Round "4"]
[White "Dragicevic, Drazen"]
[Black "Helgason, Reynir"]
[Result "1/2-1/2"]
[WhiteElo "2322"]
[BlackElo "2253"]
[PlyCount "96"]
[SourceVersionDate "2024.01.27"]

1. Nf3 d5 2. b3 Nf6 3. Bb2 e6 4. c4 Bd6 5. g3 O-O 6. Bg2 Re8 7. d4 b6 8. O-O
Bb7 9. Nc3 Nbd7 10. Rc1 a6 11. Qc2 Rc8 12. Rfd1 Qe7 13. Na4 dxc4 14. bxc4 Ba3
15. c5 Be4 16. Qb3 Bxb2 17. Qxb2 Bc6 18. Qa3 a5 19. Nb2 e5 20. e3 e4 21. Nd2
Bd5 22. Nbc4 bxc5 23. Qxa5 cxd4 24. exd4 c6 25. a3 h5 26. Qb4 c5 27. dxc5 Rxc5
28. Ne3 Rxc1 29. Rxc1 Qxb4 30. axb4 Rb8 31. Rb1 Bc6 32. Nf5 Bb5 33. Rb2 Bd3 34.
Nd6 Nc5 35. b5 Na4 36. Rb4 Nc3 37. Bf1 Nfd5 38. Rb3 Rb6 39. Bxd3 exd3 40. N6c4
Rxb5 41. Rxb5 Nxb5 42. Nb2 Nb4 43. Nb3 Na3 44. Kf1 Nb1 45. Nc5 d2 46. Ke2 Nc6
47. Nb3 Ne5 48. h4 f6 1/2-1/2

[Event "Elit(Wasa-Stockholms SS)"]
[Site "?"]
[Date "2024.01.19"]
[Round "4"]
[White "Lokander, Martin"]
[Black "Amin, Bassem"]
[Result "0-1"]
[WhiteElo "2452"]
[BlackElo "2661"]
[PlyCount "158"]
[EventDate "2021.02.07"]
[SourceVersionDate "2024.01.26"]

1. d4 Nf6 2. c4 g6 3. Nc3 Bg7 4. e4 d6 5. Bd3 O-O 6. Nge2 Nc6 7. O-O e5 8. d5
Nd4 9. Rb1 c5 10. dxc6 bxc6 11. b4 Be6 12. Nxd4 exd4 13. Ne2 c5 14. Nf4 cxb4
15. Rxb4 Nd7 16. Ba3 Nc5 17. Rb2 Rc8 18. Nd5 Re8 19. Bxc5 Rxc5 20. Qa4 Bxd5 21.
exd5 Ra5 22. Qb4 h5 23. g3 h4 24. Re1 Rxe1+ 25. Qxe1 Ra3 26. Qe2 Rc3 27. Kg2
Bf6 28. Rb3 Qc8 29. g4 Be5 30. h3 Qd8 31. Qf3 Qe7 32. Qe4 Qg5 33. f4 Qxf4 34.
Qxf4 Bxf4 35. Kf3 Be5 36. Ke4 Rc1 37. Rb1 Rc3 38. Rb3 Bf6 39. Rxc3 dxc3 40. c5
dxc5 41. d6 Kf8 42. Kd5 Bd4 43. Bc2 Ke8 44. Ba4+ Kd8 45. Ke4 Bg7 46. Bc2 Kd7
47. Kd5 Bd4 48. Ba4+ Kc8 49. Ke4 Kb7 50. Kd5 Kb6 51. Bc2 Bf6 52. Bb3 Kb5 53. a3
Bg5 54. Bd1 Bf4 55. Bb3 Bc1 56. Bc2 Kb6 57. a4 Be3 58. Bb3 Bd4 59. Bc2 Bf6 60.
Bb3 Bd4 61. Bc2 g5 62. Bd1 a6 63. Bc2 Bg7 64. Bd1 Bh8 65. Bc2 Bd4 66. Bd1 f5
67. gxf5 g4 68. a5+ Kb7 69. hxg4 h3 70. Kc4 Kc6 71. g5 Kxd6 72. Kd3 Ke5 73. f6
Kf4 74. f7 Bg7 75. Bb3 Kxg5 76. Bd5 Kf4 77. Bb7 h2 78. f8=Q+ Bxf8 79. Kxc3 Ke3
0-1

[Event "Elit(Vasteras-Orgryte)"]
[Site "?"]
[Date "2024.01.19"]
[Round "4"]
[White "Amar, Elham"]
[Black "Akesson, Ralf"]
[Result "1-0"]
[WhiteElo "2555"]
[BlackElo "2389"]
[PlyCount "81"]
[SourceVersionDate "2024.01.26"]

1. e4 c6 2. d4 d5 3. Nd2 dxe4 4. Nxe4 Nd7 5. Nf3 Ngf6 6. Ng3 e6 7. Bd3 c5 8.
O-O cxd4 9. Nxd4 Bc5 10. Be3 O-O 11. c3 a6 12. b4 Bd6 13. a3 Ne5 14. Be2 Qc7
15. Rc1 Nd5 16. Ne4 Nxe3 17. fxe3 Be7 18. c4 Bd7 19. c5 Rad8 20. Qb3 Bc6 21.
Qc2 Bd5 22. a4 Nc6 23. Nxc6 Bxc6 24. Nd6 Bxd6 25. cxd6 Qxd6 26. b5 axb5 27.
axb5 Bd7 28. Rfd1 Qb6 29. Qc5 Qxc5 30. Rxc5 Rc8 31. Rxc8 Bxc8 32. Rc1 Rd8 33.
Rc7 g6 34. e4 Kg7 35. e5 b6 36. Kf2 g5 37. Ke3 Bd7 38. Rb7 f6 39. Bf3 Kg6 40.
Rxb6 fxe5 41. Rd6 1-0

[Event "Elit(Eksjo-Vaxjo)"]
[Site "?"]
[Date "2024.01.19"]
[Round "4"]
[White "Solodovnichenko, Yuri"]
[Black "Heberla, Bartlomiej"]
[Result "1/2-1/2"]
[WhiteElo "2477"]
[BlackElo "2546"]
[PlyCount "79"]
[SourceVersionDate "2024.01.27"]

1. e4 e5 2. Nf3 Nc6 3. Bb5 a6 4. Ba4 d6 5. O-O Bd7 6. c3 g6 7. d4 Bg7 8. Bg5 f6
9. Be3 Nh6 10. dxe5 dxe5 11. c4 Ng4 12. Bc5 Bf8 13. Bxf8 Kxf8 14. Nc3 Kg7 15.
Nd5 Nh6 16. Qb3 b5 17. cxb5 axb5 18. Bxb5 Na5 19. Qc3 Bxb5 20. Nxc7 Bc4 21.
Nxa8 Qxa8 22. Rfd1 Be6 23. Ng5 fxg5 24. Qxe5+ Kf7 25. Qxg5 Ng4 26. Qf4+ Kg7 27.
Qc7+ Kf6 28. h3 Ne5 29. f4 Nec6 30. f5 Qb8 31. Qxb8 Rxb8 32. fxe6 Rxb2 33. Rdb1
Re2 34. Re1 Rb2 35. Reb1 Re2 36. Kf1 Rd2 37. Rd1 Rb2 38. Rdb1 Rd2 39. Rd1 Rb2
40. Rdb1 1/2-1/2

[Event "Elit(Wasa-Stockholms SS)"]
[Site "?"]
[Date "2024.01.19"]
[Round "4"]
[White "Hellers, Ferdinand"]
[Black "Westerberg, Jonathan"]
[Result "1/2-1/2"]
[WhiteElo "2591"]
[BlackElo "2469"]
[PlyCount "113"]
[SourceVersionDate "2024.01.26"]

1. e4 e6 2. d4 d5 3. Nd2 Nf6 4. e5 Nfd7 5. Bd3 c5 6. c3 b6 7. Ne2 Ba6 8. Bxa6
Nxa6 9. O-O Nc7 10. Nf4 c4 11. Qg4 g6 12. Nf3 Be7 13. h4 h6 14. Nh3 b5 15. h5
g5 16. Nh2 f5 17. exf6 Nxf6 18. Qd1 Qd7 19. f4 O-O-O 20. fxg5 hxg5 21. Nf3 g4
22. Ne5 Qe8 23. Nf4 Nxh5 24. Qxg4 Nf6 25. Qg6 Rg8 26. Qxe8 Rdxe8 27. Nfg6 Nd7
28. Rf7 Nxe5 29. Nxe7+ Kd8 30. dxe5 Rxe7 31. Rxe7 Kxe7 32. Be3 a6 33. Rf1 Rg7
34. Bc5+ Kd7 35. Rf8 Kc6 36. Be3 a5 37. a3 Rg4 38. Kf2 b4 39. a4 Rg7 40. Rb8 b3
41. Rb6+ Kd7 42. Rd6+ Kc8 43. Bb6 Rf7+ 44. Kg1 Rd7 45. Rxd7 Kxd7 46. Kf2 Na6
47. g4 Nb8 48. Bxa5 Nc6 49. Bb6 Nxe5 50. g5 Nd3+ 51. Ke2 Nxb2 52. a5 Nd3 53.
Kd2 Ne5 54. a6 Kc6 55. a7 Kb7 56. Kc1 Ng6 57. Bc5 1/2-1/2

[Event "Elit(Vasteras-Orgryte)"]
[Site "?"]
[Date "2024.01.19"]
[Round "4"]
[White "Sjodahl, Pontus"]
[Black "Torngren, Gustav"]
[Result "1/2-1/2"]
[WhiteElo "2424"]
[BlackElo "2276"]
[PlyCount "126"]
[SourceVersionDate "2024.01.26"]

1. d4 Nf6 2. c4 e6 3. Nf3 c5 4. d5 g6 5. Nc3 Bg7 6. e4 d6 7. h3 O-O 8. Bd3 Na6
9. O-O Nc7 10. Re1 Rb8 11. a4 e5 12. a5 Na6 13. Nb5 Ra8 14. Bf1 Nb4 15. Bd2 a6
16. Nc3 b6 17. axb6 Qxb6 18. Na2 Nxa2 19. Rxa2 Nd7 20. Qa4 f5 21. Qa5 Qxa5 22.
Bxa5 Nf6 23. Nd2 Bh6 24. f3 Rf7 25. Bd3 Rb8 26. Nf1 Nh5 27. Ne3 Bg5 28. Nc2 Bh4
29. Rd1 Rb3 30. Na1 Rb8 31. Nc2 Nf4 32. Bf1 fxe4 33. fxe4 Rb3 34. Bc3 Nh5 35.
Be1 Bxe1 36. Rxe1 Ng3 37. Na1 Rb4 38. b3 Rf4 39. Bd3 h5 40. Rf2 g5 41. Rxf4
gxf4 42. Rb1 Bd7 43. Nc2 Rb6 44. Ne1 a5 45. Nf3 a4 46. Nd2 axb3 47. Rxb3 Rxb3
48. Nxb3 Kf8 49. Kf2 Ke7 50. h4 Kd8 51. Nd2 Kc7 52. Nb1 Kb6 53. Nc3 Ka5 54. Ke1
Kb6 55. Kd2 Be8 56. Ke1 Kc7 57. Kf2 Nh1+ 58. Kg1 Ng3 59. Kf2 Bd7 60. Ke1 Be8
61. Kf2 Bd7 62. Ke1 Be8 63. Kf2 Bd7 1/2-1/2

[Event "Elit(Eksjo-Vaxjo)"]
[Site "?"]
[Date "2024.01.19"]
[Round "4"]
[White "Gdanski, Jacek"]
[Black "Sumets, Andrey"]
[Result "1/2-1/2"]
[WhiteElo "2490"]
[BlackElo "2513"]
[PlyCount "92"]
[EventDate "2024.??.??"]
[SourceVersionDate "2024.01.27"]

1. e4 c6 2. d4 d5 3. exd5 cxd5 4. c4 Nf6 5. Nc3 e6 6. Nf3 Bb4 7. Bd3 dxc4 8.
Bxc4 O-O 9. O-O Nbd7 10. Qe2 Nb6 11. Bd3 Bd7 12. Bg5 Bc6 13. Ne5 Be7 14. Rad1
Nbd5 15. Rfe1 Rc8 16. Bb1 Nxc3 17. bxc3 Qd5 18. Nxc6 bxc6 19. Bh4 Rfe8 20. Bg3
Qa5 21. Qd3 g6 22. c4 Bf8 23. Re5 Qa6 24. Qc3 Qb7 25. Re2 Bg7 26. Be5 Qe7 27.
Bc2 Red8 28. g3 Ne8 29. Qa5 c5 30. Bxg7 Nxg7 31. d5 Qc7 32. Qc3 Rd6 33. Red2
Rcd8 34. Qe5 Qe7 35. Rd3 Rc8 36. Ra3 Qc7 37. Kg2 exd5 38. Rxd5 Rc6 39. Be4 Ne6
40. Qxc7 R6xc7 41. Rd6 Nd4 42. Rda6 Re8 43. Bd5 Ree7 44. h4 h6 45. Rd6 Kg7 46.
Rc3 g5 1/2-1/2

[Event "Elit(Wasa-Stockholms SS)"]
[Site "?"]
[Date "2024.01.19"]
[Round "4"]
[White "Hauge, Lars Oskar"]
[Black "Meshkovs, Nikita"]
[Result "0-1"]
[WhiteElo "2490"]
[BlackElo "2532"]
[PlyCount "122"]
[SourceVersionDate "2024.01.26"]

1. e4 c5 2. Nf3 Nc6 3. d4 cxd4 4. Nxd4 Nf6 5. Nc3 e5 6. Ndb5 d6 7. Bg5 a6 8.
Na3 b5 9. Nd5 Be7 10. Bxf6 Bxf6 11. c4 b4 12. Nc2 O-O 13. h4 a5 14. g3 Be7 15.
Qd3 Re8 16. Nce3 a4 17. O-O-O b3 18. a3 Nd4 19. f4 Qa5 20. f5 Qc5 21. g4 Bb7
22. g5 Bd8 23. Kb1 Rb8 24. f6 gxf6 25. gxf6 Kh8 26. Rg1 Nc2 27. Bh3 Nxe3 28.
Nxe3 Qd4 29. Bf5 Qxd3+ 30. Rxd3 Bxf6 31. Rxd6 Rg8 32. Rf1 Rg3 33. Nd5 Bxh4 34.
Rh6 Bd8 35. c5 Bxd5 36. exd5 Rb5 37. Rfh1 Bg5 38. Rxh7+ Kg8 39. c6 Rc5 40. R7h3
Rxh3 41. Bxh3 Kf8 42. Rd1 e4 43. d6 Rxc6 44. Bd7 Ra6 45. Rd5 Bf4 46. Bb5 Rxd6
47. Rxd6 Bxd6 48. Bxa4 Ke7 49. Bxb3 f5 50. Kc2 Kf6 51. Kd1 f4 52. Ke2 Bc5 53.
Kf1 f3 54. Bc4 Ke5 55. b4 Bd6 56. Ba6 Kf4 57. Bc4 Be7 58. b5 Bd8 59. Bb3 e3 60.
Bd1 Ba5 61. a4 Kg3 0-1

[Event "Elit(Vasteras-Orgryte)"]
[Site "?"]
[Date "2024.01.19"]
[Round "4"]
[White "Frisk Kockum, Anton"]
[Black "Bergstrom, Peter"]
[Result "1-0"]
[WhiteElo "2314"]
[BlackElo "2311"]
[PlyCount "79"]
[SourceVersionDate "2024.01.26"]

1. d4 d5 2. c4 c6 3. Nf3 Nf6 4. Nc3 dxc4 5. e4 b5 6. Be2 e6 7. O-O Be7 8. a4 b4
9. e5 bxc3 10. exf6 Bxf6 11. bxc3 O-O 12. Ba3 Re8 13. Ne5 Nd7 14. Nxc4 Be7 15.
Nd6 Rf8 16. Bd3 Nf6 17. Nxc8 Rxc8 18. Ba6 Rb8 19. Re1 Bxa3 20. Rxa3 Qd6 21. Ra1
c5 22. Bb5 cxd4 23. cxd4 a6 24. Bf1 Rb4 25. a5 Rxd4 26. Qe2 Ra8 27. Reb1 Nd5
28. Rb7 Rb4 29. Rxb4 Qxb4 30. Qe5 h6 31. g3 Qd2 32. h4 Qb4 33. Bd3 Qd2 34. Qe4
g6 35. h5 Qb4 36. hxg6 Qxe4 37. gxf7+ Kxf7 38. Bxe4 Rd8 39. Rc1 Rd6 40. Rc8 1-0

[Event "Elit(Eksjo-Vaxjo)"]
[Site "?"]
[Date "2024.01.19"]
[Round "4"]
[White "Hillarp, Tiger"]
[Black "Lukez, Franko"]
[Result "1-0"]
[WhiteElo "2491"]
[BlackElo "2295"]
[PlyCount "55"]
[SourceVersionDate "2024.01.27"]

1. d4 g6 2. e4 Bg7 3. Nc3 d6 4. Be3 Nc6 5. Nf3 Nf6 6. Qd2 e5 7. dxe5 dxe5 8.
Qxd8+ Nxd8 9. Nb5 Ne6 10. Ng5 O-O 11. Nxe6 Bxe6 12. Nxc7 Nxe4 13. Nxa8 Rxa8 14.
Be2 f5 15. f3 Nf6 16. O-O-O Kf7 17. Kb1 Nd5 18. Bc1 Rc8 19. a3 b5 20. Bxb5 Rb8
21. a4 a6 22. Rxd5 Bxd5 23. Bxa6 e4 24. fxe4 fxe4 25. Rd1 Bc6 26. Bc4+ Kf8 27.
a5 Rb4 28. b3 1-0

[Event "Elit(Wasa-Stockholms SS)"]
[Site "?"]
[Date "2024.01.19"]
[Round "4"]
[White "Cramling, Pia"]
[Black "Olund, Joar"]
[Result "0-1"]
[WhiteElo "2437"]
[BlackElo "2362"]
[PlyCount "90"]
[SourceVersionDate "2024.01.26"]

1. d4 d5 2. Nf3 Nf6 3. c4 dxc4 4. e3 e6 5. Bxc4 c5 6. O-O a6 7. Bd3 Nc6 8. Nc3
Be7 9. dxc5 Bxc5 10. a3 O-O 11. b4 Be7 12. Bb2 b6 13. Qe2 Bb7 14. Rfd1 Qb8 15.
h3 Rd8 16. Rac1 Qa7 17. Ne4 Nxe4 18. Bxe4 Rxd1+ 19. Qxd1 Rc8 20. Rc4 Qa8 21.
Bb1 g6 22. Qd2 b5 23. Rf4 Rf8 24. Ba2 Qc8 25. Qc3 f6 26. Ng5 Nd8 27. Qd4 Kg7
28. Rh4 h5 29. Qd3 Qc6 30. Nf3 e5 31. Bb1 Qe8 32. Nd2 Ne6 33. Rxh5 Ng5 34. Rh4
Qf7 35. Qe2 Qd5 36. e4 Qd6 37. Ba2 Rd8 38. Nf1 Qd1 39. Qxd1 Rxd1 40. f3 Bc8 41.
Kf2 Be6 42. Bxe6 Nxe6 43. Bc3 Rd3 44. Bb2 Rb3 45. Bc1 f5 0-1

[Event "Elit(Vasteras-Orgryte)"]
[Site "?"]
[Date "2024.01.19"]
[Round "4"]
[White "Carlsson, Ludvig"]
[Black "Olsson, William"]
[Result "1/2-1/2"]
[WhiteElo "2361"]
[BlackElo "2379"]
[PlyCount "84"]
[SourceVersionDate "2024.01.26"]

1. d4 d5 2. c4 c6 3. Nf3 Nf6 4. cxd5 cxd5 5. Nc3 Nc6 6. Bf4 Bf5 7. e3 e6 8. Qb3
Bb4 9. Ne5 Bxc3+ 10. bxc3 Nxe5 11. Bxe5 O-O 12. Be2 Rc8 13. O-O Ne4 14. Rfc1
Qa5 15. f3 Nxc3 16. Bf1 Rc6 17. Qxb7 Rfc8 18. Kh1 Qb6 19. Qxb6 Rxb6 20. Bg3
Rbc6 21. Be1 Nb1 22. Rxc6 Rxc6 23. e4 Rc1 24. exf5 Rxe1 25. Kg1 Rd1 26. Kf2 Nc3
27. Rxd1 Nxd1+ 28. Ke1 Ne3 29. fxe6 fxe6 30. Ke2 Nxf1 31. Kxf1 g5 32. Kf2 Kf7
33. f4 g4 34. Kg3 h5 35. h3 gxh3 36. Kxh3 Kg6 37. g4 hxg4+ 38. Kxg4 a5 39. a4
Kf6 40. Kg3 Kg7 41. Kg4 Kg6 42. Kg3 Kf6 1/2-1/2

[Event "Elit(Eksjo-Vaxjo)"]
[Site "?"]
[Date "2024.01.19"]
[Round "4"]
[White "Vernersson, Per"]
[Black "Lindberg, Bengt"]
[Result "1/2-1/2"]
[WhiteElo "2259"]
[BlackElo "2342"]
[PlyCount "51"]
[SourceVersionDate "2024.01.27"]

1. Nf3 Nf6 2. c4 e6 3. d4 d5 4. Nc3 c5 5. e3 a6 6. dxc5 Bxc5 7. a3 Nc6 8. b4
Ba7 9. Bb2 O-O 10. Be2 dxc4 11. Qxd8 Rxd8 12. Bxc4 b5 13. Bb3 Bb7 14. Ke2 h6
15. Rhd1 Rxd1 16. Rxd1 Rd8 17. h3 Rxd1 18. Kxd1 Bb8 19. Ke2 Ne5 20. Nxe5 Bxe5
21. f3 Bd6 22. Bc2 Kf8 23. Kf2 Nd7 24. Ne4 Bc7 25. Nd2 g6 26. Bd4 1/2-1/2